The Ethics of Nationalism (Record no. 614685)

MARC details
000 -LEADER
fixed length control field 01076nam a2200181 a 4500
008 - FIXED-LENGTH DATA ELEMENTS--GENERAL INFORMATION
fixed length control field 260220s2026##################000#0#eng##
020 ## - INTERNATIONAL STANDARD BOOK NUMBER
ISBN 9780198297468
Paper back/Hardbound hbk
041 ## - LANGUAGE CODE
Language code of text/sound track or separate title eng
082 04 - DEWEY DECIMAL CLASSIFICATION NUMBER
Classification number 320.54
Item number MOO
100 ## - MAIN ENTRY--AUTHOR NAME
Personal name Moore, Margaret
245 10 - TITLE STATEMENT
Title The Ethics of Nationalism
Statement of responsibility, etc / Margaret Moore
260 ## - PUBLICATION, DISTRIBUTION, ETC. (IMPRINT)
Name of publisher Oxford Univ Pr on Demand
Year of publication 2001
300 ## - PHYSICAL DESCRIPTION
Number of Pages 260p,;
Dimensions 20 cm.
504 ## - BIBLIOGRAPHY, ETC. NOTE
Bibliography, etc Includes index
520 ## - SUMMARY, ETC.
Summary, etc Blending a philosophical discussion of the ethical merits and limits of nationalism, a detailed understanding of nationalist aspirations, and a variety of national conflict zones, this outstanding book discusses the controversial and contemporary issues of rights of secession. It also addresses the policies of the state in privileging a particular national group, the kinds of accommodations of minority nationals, and multi-cultural identity groups that are justifiable and appropriate. These insights are then applied to two central nationalist aspirations: nation-building and national self-determination projects.
942 ## - ADDED ENTRY ELEMENTS (KOHA)
Koha item type English Books
Holdings
Withdrawn status Lost status Damaged status Not for loan Home library Current library Shelving location Date acquired Full call number Accession Number Price effective from Koha item type
        Anna Centenary Library Anna Centenary Library 3RD FLOOR, B WING 20.02.2026 320.54 MOO 190032 20.02.2026 Reference

Find us on the map